Polscy Wykonawcy - Statystyki

Ogólne statystyki
  • Ten quiz został rozwiązany 270 razy
  • Średni wynik to 19 z 35
Statystyki odpowiedzi
Tytuł Raper % Poprawnych
Język ciała Tymek
88%
California White2115
82%
Candy Quebonafide
79%
Delfin Bedoes
78%
Kryptowaluty Taconafide
77%
8 kobiet Taconafide
77%
Bossman Reto
76%
Ona by tak chciała Ronnie Ferrari
76%
Half Dead Quebonafide
74%
05:05 Bedoes
73%
Nostalgia Taco Hemingway
73%
Rainman Tymek
72%
Janosik Bedoes
69%
Pogba Young Multi
66%
6 zer Taco Hemingway
63%
30 km/h Kali
60%
Pistolet Mr.Polska
60%
Nowy Kolor Otsochodzi
60%
Bestia Young Igi
60%
Hot coffee Schafter
57%
Mówiłaś Young Igi
54%
Bez Strachu Paluch
51%
Toy story Bedoes
49%
Zbuntowany anioł Łobuzy
47%
Meow Beteo
45%
Romans Tymek
36%
Do rana Malik Montana
34%
Nowy rozdział B.R.O
32%
Tusz Smolasty
30%
Mówiła mi B.R.O
29%
Worldwide Otsochodzi
24%
Ostatni drink Z.B.U.K.U
24%
T-Killa Sir MIch
8%
Miami O.S.T.R.
5%
Słuch O.S.T.R.
5%
Nie znaleziono quizów pasujących do podanych kryteriów
Rozkład punktacji
Procent ludzi z każdym wynikiem
Percentyl według liczby udzielonych odpowiedzi
Twoja historia wyników
Nie rozwiązałeś tego quizu